00345nam a2200109Ia 4500008004100000020001800041040002900059050002100088100002700109245005200136260004700188221021s9999||||xx |||||||||||||| ||und|| a1-59339-236-2 cChuka University Library aAE 5 b.B75 2005 aEncyclopedia Britanica 4aThe New Encyclopaedia Britannica: in 32 volumes achicagobencyclopadia britanica inc.c2005